| 000 | 00665nam a2200205 u 4500 | ||
|---|---|---|---|
| 005 | 20240228064311.0 | ||
| 008 | 170913s1985 r 000 0 eng d | ||
| 020 | _a847647024X | ||
| 035 | _aUPN01000220476 | ||
| 049 | _aI | ||
| 050 | 4 |
_aPZ76.3 _bR6.29 |
|
| 100 | 1 |
_aRodríguez Almodóvar, Antonio, _d1941- _930636 |
|
| 245 | 1 | 0 |
_aCuando la zorra y el lobo se morían de hambre / _cA. R. Almodóvar ; il. Eulalia Sariola. |
| 260 |
_aSevilla, Esp. : _bAlgaida, _c1985. |
||
| 300 |
_a16 p. : _bil. col. |
||
| 440 | 0 | _aCuentos de la media lunita | |
| 650 | 0 |
_aAnimales _vCuentos y leyendas _9234 |
|
| 650 | 4 |
_aLibros y lectura para niños _92290 |
|
| 905 | _aInfantil | ||
| 999 |
_c192575 _d192575 |
||